| 000 | nam a22 a 4500 | ||
|---|---|---|---|
| 999 |
_c4558 _d4558 |
||
| 003 | AKMAL | ||
| 005 | 20170531152407.0 | ||
| 008 | 1 s2008 my | e l 000 0 may d | ||
| 020 |
_a9677011278 (kkt.) : _cRM20.00 |
||
| 040 | _cAKMAL | ||
| 082 | 0 | 4 |
_a347.59506 MAL _222 |
| 090 | 0 | 0 |
_a347.59506 _bMAL |
| 110 | 1 |
_aMalaysia _9400 |
|
| 245 | 1 | 0 |
_aAkta keterangan (AKTA 56) : _bsemua pindaan hingga Mei, 2008 / _cdisusun semula oleh : Penasihat Undang-undang MDC |
| 260 |
_aKuala Lumpur : _bMDC Publishers, _c2008 |
||
| 300 |
_ax, 93ms. ; _c26cm. |
||
| 490 | 1 | _aUndang-undang Malaysia | |
| 650 | 1 | 0 |
_aEvidence (Law) _zMalaysia _98308 |
| 650 | 2 | 0 |
_aConfession (Law) _zMalaysia _98728 |
| 710 | 2 |
_aPenasihat Undang-Undang MDC _9405 |
|
| 830 | 0 |
_aUNDANG-UNDANG MALAYSIA _98792 |
|
| 942 |
_2ddc _cBOOK |
||